000 00507nam a2200133Ia 4500
005 20260209120153.0
008 260209s9999||||xx |||||||||||||| ||und||
100 _aMukul Dhiran
245 0 _aAlternative business structure of doing business in India by foreign company
260 _aBangaloreBangalore
_bNLSIU, Bangalore
_c2024 - 2025
300 _a35 p. ; 25 cm.
700 _aMs. Sanyukta Chowdhury - SupervisorMs. Sanyukta Chowdhury - Supervisor
856 _uhttps://dans.nls.ac.in/handle/123456789/2491
999 _c217785
_d217785